| 000 | 00983cam a2200289 a 4500 | ||
|---|---|---|---|
| 999 |
_c233150 _d233150 |
||
| 001 | 509133 | ||
| 003 | Nust | ||
| 005 | 20180117090025.0 | ||
| 008 | 851112s1985 enk b 000 0 eng | ||
| 010 | _a 85227308 | ||
| 020 | _a0907962300 | ||
| 040 |
_aDLC _cDLC _dDLC |
||
| 043 |
_aa-ii--- _aa-pk--- |
||
| 050 | 0 | 0 |
_aPK2155 _b.M38 1985 |
| 082 | 0 | 0 |
_a891/.439/09 _219 |
| 100 | 1 |
_aMatthews, David _q(David John), _d1942- |
|
| 245 | 1 | 0 |
_aUrdu literature / _cD.J. Matthews, C. Shackle, Shahrukh Husain. |
| 260 |
_aIslamabad _bAlhamra publishing _c2003. |
||
| 300 |
_a288 p. ; _c19 cm. |
||
| 504 | _aBibliography: p. [133]-135. | ||
| 650 | 0 |
_aUrdu literature _xHistory and criticism. |
|
| 700 | 1 | _aShackle, C. | |
| 700 | 0 | _aShahrukh Husain. | |
| 906 |
_a7 _bcbc _corignew _d3 _encip _f19 _gy-gencatlg |
||
| 942 |
_2ddc _cBK |
||